000 00653cam a22001694a 4500
005 20250605163258.0
008 250528s ||||||||||||||||||||||||d
035 _a15913
040 _aGR-AtMCL
_bgre
_dGR-AtMCL
_eAACR2
245 1 _aObject Windows for C++ / User's Guide
260 _bBorland International, Inc.,
_c1991
300 _a394
520 _aIntroduction, Learning ObjectWindows, Inherit the Window, Adding a Menu, Holding a Dialog, Using ObjectWindows, Overview, Interface Objects, Customizing Control Objects, MDI Objects, ObjectWindows Reference, Miscellaneous Components, Index.
942 _cBK
999 _c1461
_d1461